[Event "Fast SC for NEW Members"]
[Site "SchemingMind.com"]
[Date "2006.11.25"]
[Round "-"]
[White "mrbiggs"]
[Black "linuxlab"]
[Result "1-0"]
[WhiteCountry "USA"]
[BlackCountry "NED"]
[WhiteElo "1575"]
[WhiteRD "188"]
[BlackElo "1622"]
[BlackRD "87"]
[GameID "78528"]

1. e4 e6 2. d4 d5 3. exd5 exd5 4. Nc3 c6 5. Nf3 Bg4 6. Bg5 f6 7. Be3 Bb4 8. Qe2 Ne7 9. h3 Bxf3 10. Qxf3 O-O
11. Bd2 Nd7 12. O-O-O Ng6 13. h4 Qb6 14. h5 Ne7 15. Bd3 Qxd4 16. Bh6 Kh8 17. Be3 Qe5 18. Rde1 Bxc3 19. bxc3 Qxc3 20. Bd4 Qxd4
21. Rxe7 Qa1+ 22. Kd2 Qxh1 23. Qf5 g6 24. hxg6 Qh6+ 25. f4 Qxg6 26. Qxd7 Qxg2+ 27. Kc3 f5 28. Bxf5 Qf3+ 29. Kb2 Rxf5 30. Rxh7+ Kg8
31. Qg7#
1-0

[Event "Fast SC for NEW Members"]
[Site "SchemingMind.com"]
[Date "2006.11.25"]
[Round "-"]
[White "linuxlab"]
[Black "mrbiggs"]
[Result "1-0"]
[WhiteCountry "NED"]
[BlackCountry "USA"]
[WhiteElo "1622"]
[WhiteRD "87"]
[BlackElo "1575"]
[BlackRD "188"]
[GameID "78529"]

1. e4 c5 2. Nf3 d6 3. b3 Nc6 4. Bb2 e5 5. Nc3 Nd4 6. Nd5 Nf6 7. c4 Nxe4 8. Nxd4 cxd4 9. Bd3 Nf6 10. O-O Be6
11. Nxf6+ Qxf6 12. b4 d5 13. cxd5 Bxd5 14. Qa4+ Bc6 15. b5 Bd7 16. Rae1 Bc5 17. Bxd4 Bxd4 18. Qxd4 Be6 19. Qxe5 Qxe5 20. Rxe5 O-O
21. a4 Rad8 22. Re3 Bb3 23. Ra1 Rfe8 24. Bxh7+ Kxh7 25. Rxb3 Rxd2 26. g3 Ree2 27. Rf3 f6 28. h4 g5 29. Rxf6 gxh4 30. gxh4 Kg7
31. Rf4 Kg6 32. Kg2 Re7 33. Rh1 Rd5 34. Kg3 Kh5 35. f3 Rg7+ 36. Rg4 Rf7 37. Re1 Rd3 38. Re5+ Kh6 39. Re6+ Kh7 40. Re5 Rfxf3+
41. Kg2 Rf7 42. Rh5#
1-0

[Event "Fast SC for NEW Members"]
[Site "SchemingMind.com"]
[Date "2006.11.26"]
[Round "-"]
[White "barfing"]
[Black "linuxlab"]
[Result "0-1"]
[WhiteCountry "CAN"]
[BlackCountry "NED"]
[WhiteElo "1165"]
[WhiteRD "211"]
[BlackElo "1622"]
[BlackRD "87"]
[GameID "78649"]

1. e4 e6 2. d4 d5 3. Nc3 dxe4 4. Nxe4 Nc6 5. Nf3 Nf6 6. Nxf6+ Qxf6 7. Bg5 Qf5 8. Qd3 Qxd3 9. Bxd3 f6 10. Bd2 Bb4
0-1

[Event "Fast SC for NEW Members"]
[Site "SchemingMind.com"]
[Date "2006.11.26"]
[Round "-"]
[White "barfing"]
[Black "mrbiggs"]
[Result "0-1"]
[WhiteCountry "CAN"]
[BlackCountry "USA"]
[WhiteElo "1165"]
[WhiteRD "211"]
[BlackElo "1575"]
[BlackRD "188"]
[GameID "78650"]

1. e4 c5 2. Nf3 Nc6 3. d4 cxd4 4. Nxd4 Nxd4 5. Qxd4 e6 6. Nc3 d6 7. Bb5+ Bd7 8. Bxd7+ Qxd7 9. O-O Nf6 10. Be3 e5
11. Qd2 Be7
0-1

[Event "Fast SC for NEW Members"]
[Site "SchemingMind.com"]
[Date "2006.11.27"]
[Round "-"]
[White "linuxlab"]
[Black "barfing"]
[Result "1-0"]
[WhiteCountry "NED"]
[BlackCountry "CAN"]
[WhiteElo "1622"]
[WhiteRD "87"]
[BlackElo "1165"]
[BlackRD "211"]
[GameID "78651"]

1. e4 e6 2. d4 d5 3. Nc3 Bb4 4. exd5 exd5 5. Qe2+ Qe7 6. Qxe7+ Nxe7 7. Bd2 O-O 8. Nf3 c6 9. O-O-O Bg4 10. Be2 Nd7
11. h3
1-0

[Event "Fast SC for NEW Members"]
[Site "SchemingMind.com"]
[Date "2006.11.27"]
[Round "-"]
[White "mrbiggs"]
[Black "barfing"]
[Result "1-0"]
[WhiteCountry "USA"]
[BlackCountry "CAN"]
[WhiteElo "1575"]
[WhiteRD "188"]
[BlackElo "1165"]
[BlackRD "211"]
[GameID "78652"]

1. e4 e6 2. d4 d5 3. e5 c5 4. c3 Ne7 5. Nf3 Nbc6 6. dxc5 Ng6 7. Bd3 Bxc5 8. Bxg6 hxg6 9. O-O Qc7 10. b4 Be7
11. Re1
1-0

[Event "Fast SC for NEW Members"]
[Site "SchemingMind.com"]
[Date "2006.11.27"]
[Round "-"]
[White "mr_inconsistent"]
[Black "linuxlab"]
[Result "1/2-1/2"]
[WhiteCountry "IND"]
[BlackCountry "NED"]
[WhiteElo "1406"]
[WhiteRD "157"]
[BlackElo "1593"]
[BlackRD "80"]
[GameID "78791"]

1. d4 e6 2. Nc3 b6 3. Bf4 Bb7 4. e4 c5 5. Nf3 g6 6. Nb5 d6 7. dxc5 bxc5 8. Bxd6 Qa5+ 9. c3 Na6 10. Bxf8 Kxf8
11. Na3 Qb6 12. Bxa6 Bxa6 13. Rb1 Nf6 14. b3 Kg7 15. Nc4 Qc7 16. Ne3 Nxe4 17. c4 Nc3 18. Qc2 Nxb1 19. Qxb1 Rhe8 20. Qb2+ Kg8
21. Ng4 Qa5+ 22. Nd2 f5 23. Nf6+ Kf7 24. Nxe8 Rxe8 25. O-O Rd8 26. Nf3 Rg8 27. Ne5+ Kf8 28. Nc6 Qc7 29. Qf6+ Ke8 30. Ne5 Qe7
31. Qxe7+ Kxe7 32. Nc6+ Kf6 33. Nxa7 Rd8 34. h3 Rd2 35. Ra1 e5 36. Kf1 e4 37. a4 Rb2 38. Ra3 h5 39. Nb5 Ke5 40. Nc3 Kd4
41. Ne2+ Kd3 42. Nf4+ Kc2 43. Nxg6 Rxb3 44. Rxb3 Kxb3 45. Ke1 Bxc4 46. Kd2 Kxa4 47. Nf4 Bf7 48. Kc3 Kb5 49. g3 c4 50. h4 Kc5
51. Ne2 Be8 52. Nf4=
1/2-1/2

[Event "Fast SC for NEW Members"]
[Site "SchemingMind.com"]
[Date "2006.11.27"]
[Round "-"]
[White "mr_inconsistent"]
[Black "mrbiggs"]
[Result "0-1"]
[WhiteCountry "IND"]
[BlackCountry "USA"]
[WhiteElo "1406"]
[WhiteRD "157"]
[BlackElo "1599"]
[BlackRD "108"]
[GameID "78792"]

1. e4 e5 2. Nf3 Nc6 3. Bb5 a6 4. Bxc6 bxc6 5. d3 d5 6. O-O Bd6 7. Bg5 Be7 8. Bxe7 Qxe7 9. Nbd2 Nh6 10. Re1 d4
11. h3 O-O 12. Nc4 f6 13. b3 Be6 14. Nb2 c5 15. a3 Qd6 16. Nc4 Bxc4 17. bxc4 a5= 18. Rb1 Nf7 19. Qd2 Nh6 20. Rb5 Qa6
21. Reb1 a4 22. c3 c6 23. Rb6 Qc8 24. cxd4 cxd4 25. Nh4 c5 26. R1b5 Qc7 27. Rb7 Qc6 28. Nf5 Nxf5 29. exf5 Rf7 30. R7b6 Qc7
31. g4 Rff8 32. f3 Rfb8 33. Rxb8+ Rxb8 34. Qb2 Ra8 35. Rb7 Qc8 36. Qb6 Qf8 37. Ra7 Rb8 38. Qe6+ Kh8 39. Rxa4 Rb1+ 40. Kg2 Qb8
41. f4 Qb2+ 42. Kf3 Rf1+ 43. Ke4 Qg2#
0-1

[Event "Fast SC for NEW Members"]
[Site "SchemingMind.com"]
[Date "2006.11.27"]
[Round "-"]
[White "linuxlab"]
[Black "mr_inconsistent"]
[Result "1/2-1/2"]
[WhiteCountry "NED"]
[BlackCountry "IND"]
[WhiteElo "1593"]
[WhiteRD "80"]
[BlackElo "1406"]
[BlackRD "157"]
[GameID "78794"]

1. e4 e5 2. Nf3 Nc6 3. a3 Bc5 4. b4 Bb6 5. Bb5 Nf6 6. d3 O-O 7. O-O Nd4 8. Nxd4 Bxd4 9. c3 Bb6 10. Bg5 d6
11. Bxf6 Qxf6 12. a4 c6 13. Bc4 Be6 14. Na3 Qg6 15. Bxe6 Qxe6 16. Nc4 d5 17. Nxb6 axb6 18. exd5 Qxd5 19. c4 Qd4 20. h3 Rfe8
21. Qg4 Qxg4 22. hxg4 Re6 23. f4 exf4 24. Rxf4 g5 25. Rf5 h6 26. d4 Re4 27. d5 cxd5 28. cxd5 Rd8 29. b5 Rxg4 30. a5 bxa5
31. Rxa5 Rd4 32. b6 Kg7 33. Ra7 Rd7 34. Kh2 Kg6 35. Re5 Kf6 36. Re8 R4xd5 37. Rb8 Ke6 38. Rbxb7 f5 39. Rb8 Rd8 40. Rxd8 Rxd8
41. Rh7 Rb8 42. Rxh6+ Ke5 43. Kg3 Ke4 44. Kf2 f4 45. g3 fxg3+ 46. Kxg3 Kd5 47. Kg4 Kc5=
1/2-1/2

[Event "Fast SC for NEW Members"]
[Site "SchemingMind.com"]
[Date "2006.11.28"]
[Round "-"]
[White "mrbiggs"]
[Black "mr_inconsistent"]
[Result "1-0"]
[WhiteCountry "USA"]
[BlackCountry "IND"]
[WhiteElo "1599"]
[WhiteRD "108"]
[BlackElo "1406"]
[BlackRD "157"]
[GameID "78795"]

1. e4 e5 2. Nf3 d6 3. Nc3 Nf6 4. Bc4 h6 5. O-O Nc6 6. d4 Bg4 7. dxe5 Nxe5 8. Be2 Be7 9. Bf4 Bxf3 10. Bxf3 Nxf3+
11. Qxf3 Rb8 12. Be3 g5 13. Bxa7 Ra8 14. Be3 O-O 15. Rfd1 Qc8 16. b3 Re8 17. Bd4 Qe6 18. Re1 Nh7 19. e5 dxe5 20. Rxe5 Qd7
21. Rd1 Bd6 22. Rxe8+ Rxe8 23. Qxb7 Qf5 24. Qd5 Qxc2 25. g3 Qg6 26. Nb5 Nf6 27. Bxf6 Qxf6 28. Nxd6 cxd6 29. Qxd6 Qb2 30. Qxh6 Qc2
31. Qxg5+ Kf8 32. Qh6+ Kg8 33. Rd4 Qb1+ 34. Kg2 Re6 35. Rd8+
1-0

[Event "Fast SC for NEW Members"]
[Site "SchemingMind.com"]
[Date "2006.11.27"]
[Round "-"]
[White "AlekhineKid"]
[Black "linuxlab"]
[Result "1-0"]
[WhiteCountry "USA"]
[BlackCountry "NED"]
[WhiteElo "1738"]
[WhiteRD "119"]
[BlackElo "1622"]
[BlackRD "87"]
[GameID "78825"]

1. e4 e6 2. d4 d5 3. Nc3 c5 4. exd5 exd5 5. Nf3 c4 6. b3 Bb4 7. Bd2 Qa5 8. Nb1 cxb3 9. Qe2+ Be6 10. Qb5+ Qxb5
11. Bxb5+ Bd7 12. Bxd7+ Nxd7 13. axb3 Bxd2+ 14. Kxd2 O-O-O 15. Rxa7 Kb8 16. Ra2 Ngf6 17. Nc3 Ng4 18. Rha1 Kc7 19. Nxd5+ Kc6 20. c4 Nb6
21. Nxb6 Kxb6 22. Kd3 f5 23. Re1 h5 24. Re6+ Kc7 25. Rae2 Rd7 26. h3 Nf6 27. Ne5 Rd6 28. Rxd6
1-0

[Event "Fast SC for NEW Members"]
[Site "SchemingMind.com"]
[Date "2006.11.27"]
[Round "-"]
[White "AlekhineKid"]
[Black "mrbiggs"]
[Result "1-0"]
[WhiteCountry "USA"]
[BlackCountry "USA"]
[WhiteElo "1738"]
[WhiteRD "119"]
[BlackElo "1575"]
[BlackRD "188"]
[GameID "78826"]

1. e4 c5 2. Nc3 Nc6 3. d3 Nf6 4. Be3 e5 5. g3 a6 6. Bg2 d6 7. h3 Be6 8. f4 exf4 9. Bxf4 Nh5 10. Qxh5 Nd4
11. Qd1 Be7 12. Nge2 Nxe2 13. Qxe2 O-O 14. O-O Bf6 15. e5 dxe5 16. Bxe5 Bxe5 17. Qxe5 Qc8 18. Kh2 Re8 19. Qf4 Ra7 20. Rae1 h6
21. Nd5 Bxd5 22. Bxd5 Kh8 23. Qxf7 Rxe1 24. Rxe1
1-0

[Event "Fast SC for NEW Members"]
[Site "SchemingMind.com"]
[Date "2006.11.28"]
[Round "-"]
[White "AlekhineKid"]
[Black "mr_inconsistent"]
[Result "1-0"]
[WhiteCountry "USA"]
[BlackCountry "IND"]
[WhiteElo "1774"]
[WhiteRD "103"]
[BlackElo "1406"]
[BlackRD "157"]
[GameID "78827"]

1. e4 e5 2. Nf3 Nc6 3. Bb5 Nf6 4. O-O Be7 5. Re1 O-O 6. Bxc6 dxc6 7. Nxe5 Qd4 8. Nf3 Qd8 9. Nc3 Be6 10. d3 Bc5
11. Bg5 h6 12. Bh4 Be7 13. Qe2 Nh7 14. Bxe7 Qxe7 15. d4 Qd8 16. Rad1 b5 17. d5 cxd5 18. exd5 Bg4 19. Nxb5 Qd7 20. d6 Bxf3
21. gxf3 Qc8 22. d7 Qd8 23. Qe7 Nf6 24. Qxd8 Raxd8 25. Nxa7 Rxd7 26. Rxd7 Nxd7 27. Re7 Ra8 28. Rxd7 Rxa7 29. a3 Kf8 30. Rd2 Ra6
31. c4 Rf6 32. Rd3 Ke7 33. b4 Ke6 34. a4 Ke7 35. a5 Rc6 36. Rd4 Kf6 37. b5 Rc5 38. a6
1-0

[Event "Fast SC for NEW Members"]
[Site "SchemingMind.com"]
[Date "2006.11.27"]
[Round "-"]
[White "linuxlab"]
[Black "AlekhineKid"]
[Result "0-1"]
[WhiteCountry "NED"]
[BlackCountry "USA"]
[WhiteElo "1622"]
[WhiteRD "87"]
[BlackElo "1738"]
[BlackRD "119"]
[GameID "78829"]

1. e4 e5 2. Nf3 Nc6 3. Bb5 a6 4. Ba4 Nf6 5. d3 b5 6. Bb3 Bc5 7. O-O d6 8. Bg5 h6 9. Bxf6 Qxf6 10. Bd5 Bd7
11. a3 O-O 12. b4 Bb6 13. a4 Rab8 14. axb5 axb5 15. c3 Ne7 16. Nbd2 c6 17. Bb3 Ra8 18. c4 Ng6 19. cxb5 cxb5 20. Rxa8 Rxa8
21. Bd5 Ra4 22. Qb3 Nf4 23. Nb1 Qg6 24. g3 Ne2+ 25. Kg2 Qh5 26. Nh4 g5 27. Nf5 Bxf5 28. exf5 g4 29. Nc3 Nd4 30. Qb2 Qh3+
31. Kg1 Nf3+ 32. Bxf3 gxf3
0-1

[Event "Fast SC for NEW Members"]
[Site "SchemingMind.com"]
[Date "2006.11.28"]
[Round "-"]
[White "mrbiggs"]
[Black "AlekhineKid"]
[Result "0-1"]
[WhiteCountry "USA"]
[BlackCountry "USA"]
[WhiteElo "1599"]
[WhiteRD "108"]
[BlackElo "1774"]
[BlackRD "103"]
[GameID "78830"]

1. e4 e5 2. Nf3 Nc6 3. Nc3 Nf6 4. Bb5 Bc5 5. h3 a6 6. Bxc6 dxc6 7. d3 O-O 8. Nxe5 Qd4 9. Be3 Qxe5 10. Bxc5 Qxc5
11. O-O Be6 12. Re1 Rad8 13. Na4 Qd4 14. b3 b5 15. c3 Qxd3 16. Qxd3 Rxd3 17. Nc5 Rxc3 18. Nxe6 fxe6 19. e5 Nd5 20. f3 c5
21. Rad1 Rc2 22. Ra1 c4 23. Rec1 cxb3 24. axb3 Rxc1+ 25. Rxc1 a5 26. Rc5 Rb8 27. Kf1 a4 28. bxa4 bxa4 29. Ra5 Nb6 30. Ke1 Ra8
31. Rc5 a3 32. Rc1 a2 33. Ra1 Nd7 34. f4 Nc5 35. Kd1 Nb3
0-1

[Event "Fast SC for NEW Members"]
[Site "SchemingMind.com"]
[Date "2006.11.28"]
[Round "-"]
[White "mr_inconsistent"]
[Black "AlekhineKid"]
[Result "0-1"]
[WhiteCountry "IND"]
[BlackCountry "USA"]
[WhiteElo "1379"]
[WhiteRD "261"]
[BlackElo "1738"]
[BlackRD "119"]
[GameID "78831"]

1. d4 d5 2. Nc3 c5 3. Nf3 Nf6 4. Bg5 e6 5. e3 Nc6 6. Bb5 Bd7 7. O-O h6 8. Bf4 Be7 9. Ne5 Nxe5 10. Bxe5 Rc8
11. Bxd7+ Qxd7 12. a3 O-O 13. Qf3 b5 14. g4 b4 15. axb4 cxb4 16. Na4 Rxc2 17. b3 Rfc8 18. Kg2 Nh7 19. Rfe1 Ng5 20. Qd1 Ne4
21. Re2 Qc6 22. Nc5 Rxe2 23. Qxe2 Bxc5 24. dxc5 Qxc5 25. Rxa7 Qxa7
0-1

[Event "Fast SC for NEW Members"]
[Site "SchemingMind.com"]
[Date "2006.11.28"]
[Round "-"]
[White "Sunn"]
[Black "AlekhineKid"]
[Result "0-1"]
[WhiteCountry "USA"]
[BlackCountry "USA"]
[WhiteElo "1282"]
[WhiteRD "90"]
[BlackElo "1774"]
[BlackRD "103"]
[GameID "78868"]

1. e4 e5 2. Nf3 Nc6 3. Bb5 a6 4. Ba4 Nf6 5. Nc3 b5 6. Bb3 Bc5 7. O-O O-O 8. d3 d6 9. Bd5 Nxd5 10. exd5 Ne7
11. Bg5 f6 12. Bh4 Bb7 13. d4 Bb6 14. Qd3 Nxd5 15. dxe5 dxe5 16. Rad1 Nxc3 17. Qxc3 Qe8 18. Qb3+ Kh8 19. c4 bxc4 20. Qxc4 Bxf3
21. gxf3 Qb5 22. b3 Qxc4 23. bxc4 Rfd8 24. Rd5 Rxd5
0-1

[Event "Fast SC for NEW Members"]
[Site "SchemingMind.com"]
[Date "2006.11.27"]
[Round "-"]
[White "Sunn"]
[Black "linuxlab"]
[Result "0-1"]
[WhiteCountry "USA"]
[BlackCountry "NED"]
[WhiteElo "1282"]
[WhiteRD "90"]
[BlackElo "1593"]
[BlackRD "80"]
[GameID "78869"]

1. e4 e6 2. d4 d5 3. exd5 exd5 4. Nc3 Bb4 5. Bd2 Qe7+ 6. Be2 Nf6 7. Nf3 O-O 8. O-O Nc6 9. h3 Be6 10. a3 Bxc3
11. Bxc3 Ne4 12. Bb4 Nxb4 13. axb4 Qxb4 14. b3 c5 15. Ra4 Qb6 16. Ra1 cxd4 17. Nxd4 Nc3 18. Qd2 Qxd4 19. Qd3 Qxd3 20. Bxd3 d4
21. Rfe1 b5 22. Be4 Bd5 23. Bxd5 Nxd5 24. Re5 Rfd8 25. c4 bxc4 26. bxc4 Nc3 27. Rae1 g6 28. Rg5 a5 29. Rg4 a4 30. Rg3 a3
31. Rd3 a2 32. Ra1 Ra4 33. Rd2 Rxc4 34. g4 d3
0-1

[Event "Fast SC for NEW Members"]
[Site "SchemingMind.com"]
[Date "2006.11.27"]
[Round "-"]
[White "Sunn"]
[Black "mrbiggs"]
[Result "0-1"]
[WhiteCountry "USA"]
[BlackCountry "USA"]
[WhiteElo "1282"]
[WhiteRD "90"]
[BlackElo "1599"]
[BlackRD "108"]
[GameID "78870"]

1. e4 c5 2. Nf3 Nc6 3. Bb5 d6 4. Bxc6+ bxc6 5. O-O e5 6. Nc3 f6 7. d3 d5 8. Re1 d4 9. Ne2 Bg4 10. Ng3 Bd6
11. h3 Be6 12. Bd2 Ne7 13. c3 Rb8 14. b4 dxc3 15. Bxc3 cxb4 16. Bd2 c5 17. Qa4+ Qd7 18. Qa6 Rb6 19. Qa5 Qc6 20. Qxa7 Ra6
21. Qxa6 Qxa6 22. Re3 Bxa2 23. Ne1 O-O 24. Bc1 b3 25. Ne2 Rb8 26. Bb2 c4 27. Nc3 Ba3 28. Bxa3 Qxa3 29. Re2 b2 30. Rxa2 Qxc3
31. dxc4 b1=Q 32. Kf1 Qxc4 33. Kg1 Kf7
0-1

[Event "Fast SC for NEW Members"]
[Site "SchemingMind.com"]
[Date "2006.11.28"]
[Round "-"]
[White "Sunn"]
[Black "mr_inconsistent"]
[Result "0-1"]
[WhiteCountry "USA"]
[BlackCountry "IND"]
[WhiteElo "1255"]
[WhiteRD "91"]
[BlackElo "1474"]
[BlackRD "139"]
[GameID "78871"]

1. e4 e5 2. Nf3 d6 3. d4 Nd7 4. Bc4 h6 5. dxe5 Nxe5 6. Bb5+ Bd7 7. Nxe5 dxe5 8. Nc3 Nf6 9. Bxd7+ Qxd7 10. h3 Bb4
11. O-O Bxc3 12. bxc3 Qc6 13. Qd3 Rd8 14. Qg3 Rg8 15. Qxe5+ Qe6 16. Qb5+ Qc6 17. Qe5+ Qe6 18. Qxc7 Qd7 19. Qxd7+ Nxd7 20. Ba3 Rc8
21. Bd6 f6 22. Rab1 b6 23. Rb3 Kf7 24. Rd1 Ne5 25. Bxe5 fxe5 26. Rd7+ Kg6
0-1

[Event "Fast SC for NEW Members"]
[Site "SchemingMind.com"]
[Date "2006.11.28"]
[Round "-"]
[White "AlekhineKid"]
[Black "Sunn"]
[Result "1-0"]
[WhiteCountry "USA"]
[BlackCountry "USA"]
[WhiteElo "1774"]
[WhiteRD "103"]
[BlackElo "1282"]
[BlackRD "90"]
[GameID "78873"]

1. e4 c5 2. Nc3 Nc6 3. d3 e6 4. g3 d5 5. Bf4 Bd6 6. exd5 Bxf4 7. dxc6 Bc7 8. Bg2 b6 9. Nge2 Ne7 10. O-O O-O
11. d4 Ba6 12. Re1 cxd4 13. Qxd4 Qxd4 14. Nxd4 Rad8 15. Ndb5 Bxb5 16. Nxb5 Rc8 17. Nxa7 Rcd8 18. Nb5 Nd5 19. c4 Nb4 20. Nxc7 Nc2
21. Nb5 Nxa1 22. Rxa1 Ra8 23. c7 Ra4 24. b3 Raa8 25. Bxa8 Rxa8 26. Rd1
1-0

[Event "Fast SC for NEW Members"]
[Site "SchemingMind.com"]
[Date "2006.11.27"]
[Round "-"]
[White "linuxlab"]
[Black "Sunn"]
[Result "1-0"]
[WhiteCountry "NED"]
[BlackCountry "USA"]
[WhiteElo "1622"]
[WhiteRD "87"]
[BlackElo "1530"]
[BlackRD "137"]
[GameID "78874"]

1. e4 c5 2. Nf3 Nc6 3. Bb5 e6 4. O-O Nf6 5. Re1 a6 6. Bxc6 bxc6 7. c4 d5 8. e5 Ne4 9. cxd5 cxd5 10. d3 Ng3
11. fxg3 d4 12. Bg5 Be7 13. Bxe7 Qxe7 14. Na3 Rb8 15. Nc4 O-O 16. a4 a5 17. Nxa5 Rxb2 18. Nc4 Rb7 19. Nd6 Rb8 20. a5 Ba6
21. Nc4 Bxc4 22. dxc4 Rb4 23. Qc2 h6 24. Ra4 Rd8 25. Rxb4 cxb4 26. Rb1 d3 27. Qa4 Qa7+ 28. Kf1 Qc5 29. Qxb4 Qxb4 30. Rxb4 d2
31. Nxd2 Rxd2 32. a6 Rd1+ 33. Ke2 Ra1 34. Rb6 g5 35. c5 Ra5 36. Kf3 Rxc5 37. a7 Ra5 38. Rb8+ Kg7 39. a8=Q Rxa8 40. Rxa8 Kg6
41. Ra4 f5 42. g4 f4 43. g3
1-0

[Event "Fast SC for NEW Members"]
[Site "SchemingMind.com"]
[Date "2006.11.27"]
[Round "-"]
[White "mrbiggs"]
[Black "Sunn"]
[Result "1-0"]
[WhiteCountry "USA"]
[BlackCountry "USA"]
[WhiteElo "1599"]
[WhiteRD "108"]
[BlackElo "1282"]
[BlackRD "90"]
[GameID "78875"]

1. e4 c5 2. Nf3 Nc6 3. Bb5 e6 4. Nc3 Nf6 5. Bxc6 bxc6 6. d3 Ba6 7. O-O d5 8. Bg5 Be7 9. Re1 d4 10. Na4 Bb5
11. c4 Bxa4 12. Qxa4 Qc7 13. Ne5 h6 14. Bxf6 Bxf6 15. Nxc6 O-O 16. Na5 Bd8 17. Nb3 Rb8 18. Reb1 Rb4 19. Qa3 a5 20. Nd2 Qc6
21. b3 a4 22. Qc1 Bc7 23. bxa4 Qxa4 24. a3 Rxb1 25. Qxb1 Bf4 26. Nf3 g5 27. Qb5 Qa7 28. g3 g4 29. Ne1 Bd2 30. Nc2 Bc3
31. Rb1 Rb8 32. Qxb8+ Qxb8 33. Rxb8+ Kg7 34. a4 h5 35. Rb3 Ba5 36. Rb5
1-0

[Event "Fast SC for NEW Members"]
[Site "SchemingMind.com"]
[Date "2006.11.28"]
[Round "-"]
[White "mr_inconsistent"]
[Black "Sunn"]
[Result "1-0"]
[WhiteCountry "IND"]
[BlackCountry "USA"]
[WhiteElo "1474"]
[WhiteRD "139"]
[BlackElo "1255"]
[BlackRD "91"]
[GameID "78876"]

1. d4 d5 2. Nc3 Nf6 3. Bg5 Nbd7 4. Nf3 h6 5. Bh4 e6 6. e3 c5 7. Be2 cxd4 8. Nxd4 Be7 9. Bg3 O-O 10. Ncb5 Nc5
11. b4 a6 12. Nc7 Ra7 13. bxc5 Bxc5 14. Nxa6 Qa5+ 15. Qd2 Qxd2+ 16. Kxd2 bxa6 17. Nc6 Ne4+ 18. Ke1 Nxg3 19. hxg3 Rc7 20. Nd4 Bxd4
21. exd4 Rxc2 22. Bd3 a5 23. Bxc2 Ba6 24. Rb1 Rc8 25. Ba4 Bd3 26. Rb2 Rc1+ 27. Bd1
1-0